00233 a2200109 4500001000700000020000600007040001100013100002500024240003500049245003000084362000900114162859 a  cMagnum aRodrigues, Eustaquio10aA crianca e seus direitoslpor10aA crianca e seus direitos0 a1899